| 000 | 00610nam a2200169 a 4500 | ||
|---|---|---|---|
| 008 | 120416s0000 ||||||||||||||||| || u | ||
| 020 | _a0849323991 | ||
| 050 | _aRA 1226 Env | ||
| 100 | _aThompson, Clive K | ||
| 245 | 1 | 0 |
_aEnvironmental toxicity testing _cedited by K. Clive Thompson |
| 260 |
_aOxford _bBlackwell _c2005 |
||
| 300 | _axiii, 388p. : ill. | ||
| 350 | _a0.00 | ||
| 700 | _aWadhia, Kirit | ||
| 700 | _aLoibner, Andreas P | ||
| 995 |
_D0.00 _FCBU-MAIN LIBRARY (Kitwe) _H1 _I20.00 _M1 _UAVAILABLE _WApr 10, 2007 _ZMain Library Open Access Collection |
||
| 999 |
_c42293 _d42293 |
||